Stars and Stripes Flags - Statistics

General Stats
  • This quiz has been taken 47 times
  • The average score is 17 of 43
Answer Stats
Hint Answer % Correct
North America United States
87%
Africa Liberia
65%
Africa Ghana
57%
Asia Malaysia
57%
Oceania Australia
52%
Oceania New Zealand
52%
Africa Comoros
48%
South America Suriname
48%
South America Uruguay
48%
Asia Uzbekistan
48%
South America Venezuela
48%
South America Argentina
43%
Africa Cameroon
43%
Africa Sao Tome and Principe
43%
Africa Senegal
43%
Asia Tajikistan
43%
Africa Togo
43%
Africa Cape Verde
39%
Africa Central African Republic
39%
North America Cuba
39%
North America Honduras
39%
Oceania Nauru
39%
Africa Rwanda
39%
Asia Turkmenistan
39%
Asia Azerbaijan
35%
Asia Israel
35%
Asia Myanmar
35%
Asia Pakistan
35%
Africa Zimbabwe
35%
Asia Jordan
30%
Africa Libya
30%
Africa Mozambique
30%
Africa Namibia
30%
Asia North Korea
30%
North America St. Kitts and Nevis
30%
Asia Syria
30%
Oceania Tuvalu
30%
Africa Burundi
26%
Africa Ethiopia
26%
Oceania Solomon Islands
26%
Africa Democratic Republic of the Congo
22%
Asia Georgia
22%
Africa South Sudan
22%
No matching quizzes found
Score Distribution
Percent of People with Each Score
Percentile by Number Answered
Your Score History
You have not taken this quiz